Process systems analysis and control (Record no. 13575)

000 -LEADER
fixed length control field 00578nam a22002051 4500
001 - CONTROL NUMBER
control field 13575
003 - CONTROL NUMBER IDENTIFIER
control field BD-DhUET
008 - FIXED-LENGTH DATA ELEMENTS--GENERAL INFORMATION
fixed length control field 730306s1965 nyua b 000 0 eng
040 ## - CATALOGING SOURCE
Original cataloging agency DLC
Transcribing agency DLC
Modifying agency BD-DhUET
082 ## - DEWEY DECIMAL CLASSIFICATION NUMBER
Classification number 660.284
Item number COU/1965
100 1# - MAIN ENTRY--PERSONAL NAME
Personal name Coughanowr, Donald R.
245 10 - TITLE STATEMENT
Title Process systems analysis and control
250 ## - EDITION STATEMENT
Edition statement 1st ed.
260 ## - PUBLICATION, DISTRIBUTION, ETC. (IMPRINT)
Place of publication, distribution, etc. New York
Name of publisher, distributor, etc. McGraw-Hill
Date of publication, distribution, etc. 1965
300 ## - PHYSICAL DESCRIPTION
Extent xii, 491 p.
Other physical details ill.
Dimensions 21 cm.
490 ## - SERIES STATEMENT
Series statement McGraw-Hill chemical engineering series
650 #0 - SUBJECT ADDED ENTRY--TOPICAL TERM
Topical term or geographic name as entry element Control devices process engineering
700 ## - ADDED ENTRY--PERSONAL NAME
Personal name Koppel, Lowell B.
942 ## - ADDED ENTRY ELEMENTS (KOHA)
Koha item type General Book
Holdings
Piece designation (barcode) Koha date last borrowed Withdrawn status Lost status Not for loan Sublocation or collection (holding branch) Date acquired Copy number Shelving location Koha issues (times borrowed) Price effective from Koha normalized classification for sorting Location (home branch) Koha date last seen Koha item type Damaged status Source of classification or shelving scheme Koha full call number
29699    Central Library, BUET2015-03-031Circulation section 2015-03-03660_284000000000000_COU_1965Central Library, BUET2015-03-03General Book  660.284/COU/1965
296892017-05-09   Central Library, BUET2015-03-032Circulation section12015-03-03660_284000000000000_COU_1965Central Library, BUET2017-05-09General Book  660.284/COU/1965
29697    Central Library, BUET2015-03-033Circulation section 2015-03-03660_284000000000000_COU_1965Central Library, BUET2015-03-03General Book  660.284/COU/1965
29692    Central Library, BUET2015-03-034Circulation section 2015-03-03660_284000000000000_COU_1965Central Library, BUET2015-03-03General Book  660.284/COU/1965
29698    Central Library, BUET2015-03-035Circulation section 2015-03-03660_284000000000000_COU_1965Central Library, BUET2015-03-03General Book  660.284/COU/1965
29690    Central Library, BUET2015-03-036Circulation section 2015-03-03660_284000000000000_COU_1965Central Library, BUET2015-03-03General Book  660.284/COU/1965
29688    Central Library, BUET2015-03-037Cataloging to Circulation 2015-03-03660_284000000000000_COU_1965Central Library, BUET2015-03-03General Book  660.284/COU/1965
34519    Central Library, BUET2015-03-048Circulation section 2015-03-04660_284000000000000_COU_1965Central Library, BUET2015-03-04General Book  660.284/COU/1965
29694    Central Library, BUET2015-05-119Circulation section 2015-05-11660_284000000000000_COU_1965Central Library, BUET2015-05-11General Book  660.284/COU/1965
29696    Central Library, BUET2015-05-1110Circulation section 2015-05-11660_284000000000000_COU_1965Central Library, BUET2015-05-11General Book  660.284/COU/1965
29695    Central Library, BUET2015-05-1311Circulation section 2015-05-13660_284000000000000_COU_1965Central Library, BUET2015-05-13General Book  660.284/COU/1965
17869    Central Library, BUET2015-05-1412Circulation section 2015-05-14660_284000000000000_COU_1965Central Library, BUET2015-05-14General Book  660.284/COU/1965
15822    Central Library, BUET2015-05-1813Circulation section 2015-05-18660_284000000000000_COU_1965Central Library, BUET2015-05-18General Book  660.284/COU/1965
29700    Central Library, BUET2015-06-2014Reading section 2015-06-20660_284000000000000_COU_1965Central Library, BUET2015-06-20General Book  660.284/COU/1965
29701    Central Library, BUET2015-06-2015Reading section 2015-06-20660_284000000000000_COU_1965Central Library, BUET2015-06-20General Book  660.284/COU/1965
16716    Central Library, BUET2015-07-1016Circulation section 2015-07-10660_284000000000000_COU_1965Central Library, BUET2015-07-10General Book  660.284/COU/1965